<?xml version="1.0" encoding="UTF-8"?><?xml-stylesheet type="text/xsl" href="static/style.xsl"?><OAI-PMH xmlns="http://www.openarchives.org/OAI/2.0/" xmlns:xsi="http://www.w3.org/2001/XMLSchema-instance" xsi:schemaLocation="http://www.openarchives.org/OAI/2.0/ http://www.openarchives.org/OAI/2.0/OAI-PMH.xsd"><responseDate>2026-04-17T01:41:51Z</responseDate><request verb="GetRecord" identifier="oai:www.recercat.cat:2445/134630" metadataPrefix="marc">https://recercat.cat/oai/request</request><GetRecord><record><header><identifier>oai:recercat.cat:2445/134630</identifier><datestamp>2025-12-05T13:06:20Z</datestamp><setSpec>com_2072_1057</setSpec><setSpec>col_2072_478798</setSpec><setSpec>col_2072_478860</setSpec><setSpec>col_2072_478916</setSpec><setSpec>col_2072_478917</setSpec><setSpec>col_2072_478921</setSpec></header><metadata><record xmlns="http://www.loc.gov/MARC21/slim" xmlns:dcterms="http://purl.org/dc/terms/" xmlns:xsi="http://www.w3.org/2001/XMLSchema-instance" xmlns:doc="http://www.lyncode.com/xoai" xsi:schemaLocation="http://www.loc.gov/MARC21/slim http://www.loc.gov/standards/marcxml/schema/MARC21slim.xsd">
   <leader>00925njm 22002777a 4500</leader>
   <datafield ind2=" " ind1=" " tag="042">
      <subfield code="a">dc</subfield>
   </datafield>
   <datafield ind2=" " ind1=" " tag="720">
      <subfield code="a">Sureda, Xisca</subfield>
      <subfield code="e">author</subfield>
   </datafield>
   <datafield ind2=" " ind1=" " tag="720">
      <subfield code="a">Martínez Sánchez, Jose M.</subfield>
      <subfield code="e">author</subfield>
   </datafield>
   <datafield ind2=" " ind1=" " tag="720">
      <subfield code="a">Fu Balboa, Marcela</subfield>
      <subfield code="e">author</subfield>
   </datafield>
   <datafield ind2=" " ind1=" " tag="720">
      <subfield code="a">López, María José</subfield>
      <subfield code="e">author</subfield>
   </datafield>
   <datafield ind2=" " ind1=" " tag="720">
      <subfield code="a">Martínez Martínez, Cristina</subfield>
      <subfield code="e">author</subfield>
   </datafield>
   <datafield ind2=" " ind1=" " tag="720">
      <subfield code="a">Saltó i Cerezuela, Esteve</subfield>
      <subfield code="e">author</subfield>
   </datafield>
   <datafield ind2=" " ind1=" " tag="720">
      <subfield code="a">Fernández Muñoz, Esteve</subfield>
      <subfield code="e">author</subfield>
   </datafield>
   <datafield ind2=" " ind1=" " tag="260">
      <subfield code="c">2019-06-05T13:30:52Z</subfield>
   </datafield>
   <datafield ind2=" " ind1=" " tag="260">
      <subfield code="c">2019-06-05T13:30:52Z</subfield>
   </datafield>
   <datafield ind2=" " ind1=" " tag="260">
      <subfield code="c">2015-04-08</subfield>
   </datafield>
   <datafield ind2=" " ind1=" " tag="260">
      <subfield code="c">2019-06-05T13:30:52Z</subfield>
   </datafield>
   <datafield ind2=" " ind1=" " tag="520">
      <subfield code="a">Objective: to describe where smokers smoke outdoors, where non-smokers are exposed outdoors to secondhand smoke (SHS), and attitudes towards smoke-free outdoor areas after the implementation of national smoke-free legislation. Design: this cross-sectional study was conducted between June 2011 and March 2012 (n=1307 participants). Setting: Barcelona Participants: representative, random sample of the adult (≥16 years) population. Primary and secondary outcomes: proportion of smoking and prevalence of exposure to SHS in the various settings according to type of enclosure. Percentages of support for outdoor smoke-free policies according to smoking status. Results: smokers reported smoking outdoors most in bars and restaurants (54.8%), followed by outdoor places at work (46.8%). According to non-smokers, outdoor SHS exposure was highest at home (42.5%) and in bars and restaurants (33.5%). Among non-smoking adult students, 90% claimed exposure to SHS on university campuses. There was great support for banning smoking in the majority of outdoor areas, which was stronger among non-smokers than smokers. Over 70% of participants supported smoke-free playgrounds, school and high school courtyards, and the grounds of healthcare centres. Conclusions: extending smoking bans to selected outdoor settings should be considered in further tobacco control interventions to protect non-smokers from SHS exposure and to establish a positive model for youth. The majority of public support for some outdoor smoke-free areas suggests that it is feasible to extend smoking bans to additional outdoor settings.</subfield>
   </datafield>
   <datafield tag="653" ind2=" " ind1=" ">
      <subfield code="a">Salut</subfield>
   </datafield>
   <datafield tag="653" ind2=" " ind1=" ">
      <subfield code="a">Opinió pública</subfield>
   </datafield>
   <datafield tag="653" ind2=" " ind1=" ">
      <subfield code="a">Tractament del tabaquisme</subfield>
   </datafield>
   <datafield tag="653" ind2=" " ind1=" ">
      <subfield code="a">Programes de prevenció</subfield>
   </datafield>
   <datafield tag="653" ind2=" " ind1=" ">
      <subfield code="a">Espanya</subfield>
   </datafield>
   <datafield tag="653" ind2=" " ind1=" ">
      <subfield code="a">Health</subfield>
   </datafield>
   <datafield tag="653" ind2=" " ind1=" ">
      <subfield code="a">Public opinion</subfield>
   </datafield>
   <datafield tag="653" ind2=" " ind1=" ">
      <subfield code="a">Smoking cessation</subfield>
   </datafield>
   <datafield tag="653" ind2=" " ind1=" ">
      <subfield code="a">Prevention programs</subfield>
   </datafield>
   <datafield tag="653" ind2=" " ind1=" ">
      <subfield code="a">Spain</subfield>
   </datafield>
   <datafield ind2="0" ind1="0" tag="245">
      <subfield code="a">Secondhand smoke in outdoor settings: smokers' consumption, non-smokers' perceptions, and attitudes towards smoke-free legislation in Spain</subfield>
   </datafield>
</record></metadata></record></GetRecord></OAI-PMH>